Solo music artists - Sudden Death - Statistics

General Stats
  • This quiz has been taken 216 times
  • The average score is 7 of 17
Answers on the Grid
Answers color-coded by a green-red scale on the quiz's grid according to % correct below.
Pink
Pink Floyd
King Crimson
Nat King Cole
Alice in Chains
Jane's Addiction
Tame Impala
Fall Out Boy
Alan Parsons Project
Jackson Browne
Billy Bragg
David Bowie
Lynyrd Skynyrd
Uriah Heep
Bon Jovi
PJ Harvey
Lou Reed
Franz Ferdinand
Chuck Berry
Van Halen
Ted Nugent
Fleetwood Mac
Bjork
Grimes
Coolio
Beck
Dio
Supertramp
Aerosmith
Sting
Blondie
Prince
The Weeknd
 
Answer Stats
Answer % Correct
Pink
91%
David Bowie
70%
Prince
58%
Nat King Cole
56%
The Weeknd
51%
Bjork
50%
Chuck Berry
46%
Sting
44%
Coolio
42%
Lou Reed
42%
Jackson Browne
35%
Beck
33%
PJ Harvey
29%
Ted Nugent
28%
Billy Bragg
26%
Grimes
26%
Tame Impala
22%
No matching quizzes found
Score Distribution
Percent of People with Each Score
Percentile by Number Answered
Your Score History
You have not taken this quiz